000 00453nam a2200157 a 4500
001 000044427
005 20201002045351.0
008 140630s2005 dr a 000 0 spa d
020 _z8493054712
040 _aDO-SdBNP
_bspa
_cBNPHU
082 _axxxx
_bxxxx
100 1 _aCollins de Colado, Mary
_951947
245 1 0 _aPinta ilustra No. 1 /
_cMary Collins de Colado.
260 _aSanto Domingo :
_bNuevo Diario,
_c2005.
300 _a63 p. :
_bil. ;
_c27 cm.
999 _c43916
_d43916